Fundamentos de ecología
Збережено в:
| Автор: | |
|---|---|
| Формат: | Книга |
| Мова: | Іспанська |
| Опубліковано: |
Ciudad de México
Interamericana
1985
|
| Предмети: | |
| Теги: |
Додати тег
Немає тегів, Будьте першим, хто поставить тег для цього запису!
|
MARC
| LEADER | 00000nam a2200000 a 4500 | ||
|---|---|---|---|
| 001 | UCV2658 | ||
| 003 | CL-VaPUC | ||
| 008 | 921013e19850000MX |||||||||||||||||spa|d | ||
| 020 | |a 9682510732 | ||
| 082 | 0 | 4 | |a 577 |b ODU |2 21 |
| 100 | |a Odum, Eugene P. |e autor |9 308671 | ||
| 245 | 1 | 0 | |a Fundamentos de ecología |
| 300 | |a 422 p | ||
| 942 | |c BK | ||
| 945 | |d 19921013 00:00:00 | ||
| 260 | |a Ciudad de México |b Interamericana |c 1985 | ||
| 650 | 0 | |a Ecología |9 258124 | |
| 583 | |a last modification |c 19921013 00:00:00 |k Rodrigo Vera | ||
| 999 | |c 210166 |d 210164 | ||
| 952 | |0 0 |1 0 |4 0 |6 577_000000000000000_ODU_1985 |7 0 |8 P |9 186214 |a BIBDER |b BIBDER |d 2019-11-14 |i 2536927 |o 577 ODU 1985 |p 2536927 |r 2023-01-25 |w 2019-11-14 |y BK |k DER | ||
| 952 | |0 0 |1 0 |4 0 |6 577_000000000000000_ODU_1985 |7 0 |8 A |9 186215 |a BIBENE |b BIBENE |d 2019-11-14 |i 2536935 |o 577 ODU 1985 |p 2536935 |r 2025-01-15 |w 2019-11-14 |y BK |k ICO | ||